Public Finance (Record no. 6324)
[ view plain ]
| 000 -LEADER | |
|---|---|
| fixed length control field | 00490nam a22001817a 4500 |
| 003 - CONTROL NUMBER IDENTIFIER | |
| control field | BUBTL |
| 008 - FIXED-LENGTH DATA ELEMENTS--GENERAL INFORMATION | |
| fixed length control field | 200809b xxu||||| |||| 00| 0 eng d |
| 020 ## - INTERNATIONAL STANDARD BOOK NUMBER | |
| International Standard Book Number | 978-81-203-4539-3 |
| 082 ## - DEWEY DECIMAL CLASSIFICATION NUMBER | |
| Classification number | 336/KEP |
| 100 ## - MAIN ENTRY--PERSONAL NAME | |
| Personal name | Kennedy, M. Maria John |
| 9 (RLIN) | 3323 |
| 245 ## - TITLE STATEMENT | |
| Title | Public Finance |
| Remainder of title | M.Maria John Kennedy |
| 300 ## - PHYSICAL DESCRIPTION | |
| Extent | [xx] , 344p . : |
| Other physical details | ill . ; 24cm . |
| 500 ## - GENERAL NOTE | |
| General note | Includes Index |
| 650 ## - SUBJECT ADDED ENTRY--TOPICAL TERM | |
| Topical term or geographic name as entry element | Finance |
| 9 (RLIN) | 3324 |
| 856 ## - ELECTRONIC LOCATION AND ACCESS | |
| Password | 0 |
| Logon | 0 |
| Link text | Download |
| 942 ## - ADDED ENTRY ELEMENTS (KOHA) | |
| Source of classification or shelving scheme | |
| Koha item type | Books |
No items available.
